ARRUPE JESUIT UNIVERSITY

CORONAVIRUS -STOP THE SPREAD - CLEAN,DISINFECT,COVER

Conquest of abundance : (Record no. 122952)

MARC details
000 -LEADER
fixed length control field 00921cam a2200277 a 4500
001 - CONTROL NUMBER
control field 4521339
005 - DATE AND TIME OF LATEST TRANSACTION
control field 20150716143927.0
008 - FIXED-LENGTH DATA ELEMENTS--GENERAL INFORMATION
fixed length control field 000502s1999 ilua b 001 0 eng
010 ## - LIBRARY OF CONGRESS CONTROL NUMBER
LC control number 99032398
020 ## - INTERNATIONAL STANDARD BOOK NUMBER
International Standard Book Number 0226245330 (cloth : alk. paper)
035 ## - SYSTEM CONTROL NUMBER
System control number (OCoLC)41439654
035 ## - SYSTEM CONTROL NUMBER
System control number (OCoLC)ocm41439654
035 ## - SYSTEM CONTROL NUMBER
System control number (NNC)4521339
040 ## - CATALOGING SOURCE
Original cataloging agency DLC
Transcribing agency DLC
Modifying agency DLC
-- NNUT
050 ## - LIBRARY OF CONGRESS CALL NUMBER
Classification number B3240.F483
Item number C66 1999
100 1# - MAIN ENTRY--PERSONAL NAME
Personal name Feyerabend, Paul,
Dates associated with a name 1924-1994.
9 (RLIN) 13175
245 10 - TITLE STATEMENT
Title Conquest of abundance :
Remainder of title a tale of abstraction versus the richness of being /
Statement of responsibility, etc Paul Feyerabend ; edited by Bert Terpstra
260 ## - PUBLICATION, DISTRIBUTION, ETC. (IMPRINT)
Place of publication, distribution, etc Chicago :
Name of publisher, distributor, etc University of Chicago Press,
Date of publication, distribution, etc c1999
300 ## - PHYSICAL DESCRIPTION
Extent xviii, 285 p. :
Other physical details ill. ;
Dimensions 24 cm
504 ## - BIBLIOGRAPHY, ETC. NOTE
Bibliography, etc Includes bibliographical references and index
650 #0 - SUBJECT ADDED ENTRY--TOPICAL TERM
Topical term or geographic name as entry element Reality.
9 (RLIN) 18242
650 #0 - SUBJECT ADDED ENTRY--TOPICAL TERM
Topical term or geographic name as entry element Abstraction.
9 (RLIN) 4901
700 1# - ADDED ENTRY--PERSONAL NAME
Personal name Terpstra, Bert.
9 (RLIN) 18243
942 ## - ADDED ENTRY ELEMENTS (KOHA)
Source of classification or shelving scheme Library of Congress Classification
Item type Monograph ( Printed materials)
Holdings
Withdrawn status Lost status Source of classification or shelving scheme Damaged status Not for loan Collection code Home library Current library Shelving location Date acquired Total Checkouts Full call number Barcode Date last seen Date last borrowed Price effective from Koha item type
    Library of Congress Classification     Main Collection ARRUPE LIBRARY ARRUPE LIBRARY Main Collection 16/07/2015 4 B3240.F483 C66 1999 46500004427 27/04/2018 15/01/2018 16/07/2015 Monograph ( Printed materials)

 

Arrupe Library. PO Box MP320 Mt Pleasant, Harare, Zimbabwe
263 242 745411|librarian@aju.ac.zw